Fr. Conceicao Rodrigues College of Engineering

Elements of Systems analysis (Record no. 35465)

MARC details
000 -LEADER
fixed length control field 00293nam a2200133Ia 4500
082 ## - DEWEY DECIMAL CLASSIFICATION NUMBER
Classification number 4.21
100 ## - MAIN ENTRY--PERSONAL NAME
Personal name Gore/M./ Stubbe/J.
245 ## - TITLE STATEMENT
Title Elements of Systems analysis
260 ## - PUBLICATION, DISTRIBUTION, ETC.
Name of publisher, distributor, etc. Galgotia
Place of publication, distribution, etc. New Delhi
Date of publication, distribution, etc. 1983
546 ## - LANGUAGE NOTE
Language note ENGLISH
654 ## - SUBJECT ADDED ENTRY--FACETED TOPICAL TERMS
Focus term Systems analysis
942 ## - ADDED ENTRY ELEMENTS (KOHA)
Koha item type BOOK
Holdings
Withdrawn status Lost status Damaged status Not for loan Collection Home library Current library Date acquired Cost, normal purchase price Total Checkouts Full call number Barcode Date last seen Cost, replacement price Price effective from Koha item type
        CRC Fr. Agnel's C.Rodrigues College of Engineering Fr. Agnel's C.Rodrigues College of Engineering 17/03/2023 125.00   4.21 5153 17/03/2023 125.00 17/03/2023 BOOK